<?xml version="1.0" encoding="UTF-8"?>
<record
    xmlns:xsi="http://www.w3.org/2001/XMLSchema-instance"
    xsi:schemaLocation="http://www.loc.gov/MARC21/slim http://www.loc.gov/standards/marcxml/schema/MARC21slim.xsd"
    xmlns="http://www.loc.gov/MARC21/slim">

  <leader>02786njm a2200481Ia 4500</leader>
  <controlfield tag="001">40064</controlfield>
  <controlfield tag="003">IT-RoPAU</controlfield>
  <controlfield tag="005">20220918181201.0</controlfield>
  <controlfield tag="008">131025s9999    xx            000 0 und d</controlfield>
  <datafield tag="040" ind1=" " ind2=" ">
    <subfield code="a">IT-RoPAU</subfield>
  </datafield>
  <datafield tag="040" ind1=" " ind2=" ">
    <subfield code="c">IT-RoPAU</subfield>
  </datafield>
  <datafield tag="999" ind1=" " ind2=" ">
    <subfield code="c">103028</subfield>
    <subfield code="d">103028</subfield>
  </datafield>
  <datafield tag="999" ind1=" " ind2=" ">
    <subfield code="b">n.d.</subfield>
  </datafield>
  <datafield tag="100" ind1=" " ind2=" ">
    <subfield code="a">AA.VV.</subfield>
    <subfield code="9">794</subfield>
  </datafield>
  <datafield tag="100" ind1=" " ind2=" ">
    <subfield code="e">Autore musica</subfield>
    <subfield code="9">20660</subfield>
  </datafield>
  <datafield tag="100" ind1=" " ind2=" ">
    <subfield code="g">Codice autore musica SPICS: 12000</subfield>
    <subfield code="9">796</subfield>
  </datafield>
  <datafield tag="245" ind1=" " ind2=" ">
    <subfield code="a">Zarzuela-Valses celebres</subfield>
  </datafield>
  <datafield tag="250" ind1=" " ind2=" ">
    <subfield code="a">1a ed.</subfield>
  </datafield>
  <datafield tag="260" ind1=" " ind2=" ">
    <subfield code="a">BARCELONA</subfield>
  </datafield>
  <datafield tag="260" ind1=" " ind2=" ">
    <subfield code="b">DISCOPHON</subfield>
    <subfield code="c">1972 [1a Ed.:1972]</subfield>
  </datafield>
  <datafield tag="300" ind1=" " ind2=" ">
    <subfield code="a">DISCO</subfield>
  </datafield>
  <datafield tag="500" ind1=" " ind2=" ">
    <subfield code="a">Musica strumentale. Valzer celebri</subfield>
  </datafield>
  <datafield tag="505" ind1=" " ind2=" ">
    <subfield code="a">Agua, azucarillos y aguardiente - La corte de faraon - La Alsaciana - La gran via - El cabo primero - Chateau Margaux - La generala - Molinos de viento - Bohemios - El ano pasado por agua</subfield>
  </datafield>
  <datafield tag="511" ind1=" " ind2=" ">
    <subfield code="a">Orquesta Sinfonico Lirica diretta da Aug&#xE9; J. Casas</subfield>
  </datafield>
  <datafield tag="650" ind1=" " ind2=" ">
    <subfield code="a">VALZER [DISCHI]</subfield>
    <subfield code="e">Codice MATERIA SPICS: 9950</subfield>
    <subfield code="9">20661</subfield>
  </datafield>
  <datafield tag="700" ind1=" " ind2=" ">
    <subfield code="a">Carrion Ramos</subfield>
    <subfield code="d">Codice autore musica SPICS: 28546</subfield>
    <subfield code="e">Autore musica</subfield>
    <subfield code="p">Agua, azucarillos y aguardiente</subfield>
    <subfield code="9">20662</subfield>
  </datafield>
  <datafield tag="700" ind1=" " ind2=" ">
    <subfield code="a">Chueca</subfield>
    <subfield code="d">Codice autore SPICS: 28547</subfield>
    <subfield code="e">Autore</subfield>
    <subfield code="p">Agua, azucarillos y aguardiente - La gran via - El ano pasado por agua</subfield>
    <subfield code="9">20663</subfield>
  </datafield>
  <datafield tag="700" ind1=" " ind2=" ">
    <subfield code="a">Perrin</subfield>
    <subfield code="d">Codice autore musica SPICS: 28548</subfield>
    <subfield code="e">Autore musica</subfield>
    <subfield code="p">La corte de faraon - La generala - Bohemios</subfield>
    <subfield code="9">20664</subfield>
  </datafield>
  <datafield tag="700" ind1=" " ind2=" ">
    <subfield code="a">Palacios</subfield>
    <subfield code="d">Codice autore SPICS: 28549</subfield>
    <subfield code="e">Autore</subfield>
    <subfield code="p">La corte de faraon - La generala - Bohemios</subfield>
    <subfield code="9">20665</subfield>
  </datafield>
  <datafield tag="700" ind1=" " ind2=" ">
    <subfield code="a">Lleo V.</subfield>
    <subfield code="d">Codice autore testo/musica SPICS: 28550</subfield>
    <subfield code="e">Autore testo/musica</subfield>
    <subfield code="p">La corte de faraon</subfield>
    <subfield code="9">20666</subfield>
  </datafield>
  <datafield tag="700" ind1=" " ind2=" ">
    <subfield code="a">Ramos Martin J.</subfield>
    <subfield code="d">Codice autore musica SPICS: 28554</subfield>
    <subfield code="e">Autore musica</subfield>
    <subfield code="p">La Alsaciana</subfield>
    <subfield code="9">20667</subfield>
  </datafield>
  <datafield tag="700" ind1=" " ind2=" ">
    <subfield code="a">Guerrero J.</subfield>
    <subfield code="d">Codice autore SPICS: 28552</subfield>
    <subfield code="e">Autore</subfield>
    <subfield code="p">La Alsaciana</subfield>
    <subfield code="9">20668</subfield>
  </datafield>
  <datafield tag="700" ind1=" " ind2=" ">
    <subfield code="a">Gonzalez Perez</subfield>
    <subfield code="d">Codice autore musica SPICS: 28551</subfield>
    <subfield code="e">Autore musica</subfield>
    <subfield code="p">La gran via</subfield>
    <subfield code="9">20669</subfield>
  </datafield>
  <datafield tag="700" ind1=" " ind2=" ">
    <subfield code="a">Valverde</subfield>
    <subfield code="d">Codice autore SPICS: 28553</subfield>
    <subfield code="e">Autore</subfield>
    <subfield code="p">La gran via - El ano pasado por agua</subfield>
    <subfield code="9">20670</subfield>
  </datafield>
  <datafield tag="700" ind1=" " ind2=" ">
    <subfield code="a">Arniches</subfield>
    <subfield code="d">Codice autore musica SPICS: 28555</subfield>
    <subfield code="e">Autore musica</subfield>
    <subfield code="p">El cabo primero</subfield>
    <subfield code="9">20671</subfield>
  </datafield>
  <datafield tag="700" ind1=" " ind2=" ">
    <subfield code="a">Lopez Lucio Y.</subfield>
    <subfield code="d">Codice autore SPICS: 28556</subfield>
    <subfield code="e">Autore</subfield>
    <subfield code="p">El cabo primero</subfield>
    <subfield code="9">20672</subfield>
  </datafield>
  <datafield tag="700" ind1=" " ind2=" ">
    <subfield code="a">Caballero M.F.</subfield>
    <subfield code="d">Codice autore testo/musica SPICS: 28557</subfield>
    <subfield code="e">Autore testo/musica</subfield>
    <subfield code="p">El cabo primero - Chateau Margaux</subfield>
    <subfield code="9">20673</subfield>
  </datafield>
  <datafield tag="700" ind1=" " ind2=" ">
    <subfield code="a">Torregrossa Lopez</subfield>
    <subfield code="d">Codice autore musica SPICS: 28558</subfield>
    <subfield code="e">Autore musica</subfield>
    <subfield code="p">Chateau Margaux</subfield>
    <subfield code="9">20674</subfield>
  </datafield>
  <datafield tag="700" ind1=" " ind2=" ">
    <subfield code="a">Vives A.</subfield>
    <subfield code="d">Codice autore testo/musica SPICS: 28559</subfield>
    <subfield code="e">Autore testo/musica</subfield>
    <subfield code="p">La generala - Bohemios</subfield>
    <subfield code="9">20675</subfield>
  </datafield>
  <datafield tag="700" ind1=" " ind2=" ">
    <subfield code="a">Frutos P.</subfield>
    <subfield code="d">Codice autore musica SPICS: 28560</subfield>
    <subfield code="e">Autore musica</subfield>
    <subfield code="p">Molinos de viento</subfield>
    <subfield code="9">20676</subfield>
  </datafield>
  <datafield tag="700" ind1=" " ind2=" ">
    <subfield code="a">Luna P.</subfield>
    <subfield code="d">Codice autore SPICS: 28561</subfield>
    <subfield code="e">Autore</subfield>
    <subfield code="p">Molinos de viento</subfield>
    <subfield code="9">20677</subfield>
  </datafield>
  <datafield tag="700" ind1=" " ind2=" ">
    <subfield code="a">Vega</subfield>
    <subfield code="d">Codice autore musica SPICS: 28562</subfield>
    <subfield code="e">Autore musica</subfield>
    <subfield code="p">El ano pasado por agua</subfield>
    <subfield code="9">20678</subfield>
  </datafield>
  <datafield tag="942" ind1=" " ind2=" ">
    <subfield code="c">MD</subfield>
    <subfield code="2">ddc</subfield>
  </datafield>
  <datafield tag="952" ind1=" " ind2=" ">
    <subfield code="0">0</subfield>
    <subfield code="1">0</subfield>
    <subfield code="4">0</subfield>
    <subfield code="6">40064_000000000000000</subfield>
    <subfield code="7">1</subfield>
    <subfield code="a">SPICS</subfield>
    <subfield code="b">SPICS</subfield>
    <subfield code="d">2013-10-25</subfield>
    <subfield code="l">0</subfield>
    <subfield code="o">40064</subfield>
    <subfield code="r">2013-10-25 00:00:00</subfield>
    <subfield code="w">2013-10-25</subfield>
    <subfield code="y">MD</subfield>
    <subfield code="z">Progr. Ins.: 13879 / N.Vol.: 1 / Copie: 1 - Copia rara: n.d. / date import: 01.01.2014 - By Epidotti, Trombetti, Vaglietti</subfield>
  </datafield>
</record>
